Chương trình giáo dục đại học theo học chế tín chỉ ngành Kỹ thuật cơ khí động lực

Tổng quan các vấn đề nghiên cứu về cơ sở luận, chương trình khung giáo dục đại học theo học chế tín chỉ ngành kỹ thuật cơ khí động lực, đề cương chi tiết một số học pjần thuộc khối kiến thức giáo dục chuyên nghiệp....

詳細記述

保存先:
書誌詳細
フォーマット: 図書
言語:Undetermined
出版事項: Cần Thơ Nxb. Đại học Cần Thơ 2013
主題:
タグ: タグ追加
タグなし, このレコードへの初めてのタグを付けませんか!
Thư viện lưu trữ: Trung tâm Học liệu Trường Đại học Cần Thơ
LEADER 01140nam a2200193Ia 4500
001 CTU_229764
008 210402s9999 xx 000 0 und d
082 |a 378.199 
082 |b Ch561 
245 0 |a Chương trình giáo dục đại học theo học chế tín chỉ ngành Kỹ thuật cơ khí động lực 
245 0 |c Dự án phát triển giáo viên THPT & TCCN - Trường Đại học Sư phạm kỹ thuật thành phố Hồ Chí Minh 
260 |a Cần Thơ 
260 |b Nxb. Đại học Cần Thơ 
260 |c 2013 
520 |a Tổng quan các vấn đề nghiên cứu về cơ sở luận, chương trình khung giáo dục đại học theo học chế tín chỉ ngành kỹ thuật cơ khí động lực, đề cương chi tiết một số học pjần thuộc khối kiến thức giáo dục chuyên nghiệp. 
650 |a Giáo dục đại học,Education, Higher 
650 |x Chương trình giảng dạy,Curricula 
910 |b nthai 
980 |a Trung tâm Học liệu Trường Đại học Cần Thơ